000 00450nam a2200169Ia 4500
005 20250421121350.0
008 231217s9999 xx 000 0 und d
020 _a9788173666025
082 _a001.6424JAV SIE;1
100 _aSierra, Kathy. Bates, Bert.
245 0 _aHead first Java : covers Java 5.0
250 _a2nd ed.
260 _c2005
_bShroff
_aMumbai
300 _axxxii, 688+22
650 _aHead,Java,covers,Java,5.0
942 _cAA
999 _c191636
_d191636